| 000 | 01090nam a2200205 4500 | ||
|---|---|---|---|
| 005 | 20260424144819.0 | ||
| 008 | 260313b |||||||| |||| 00| 0 eng d | ||
| 020 | _a9780415492416 | ||
| 037 | _cTextual | ||
| 040 |
_aRTL _cRTL |
||
| 084 |
_qRTL _aY:6 Q1 _bRTL |
||
| 245 | _aMobile methods | ||
| 260 |
_aLondon _bRoutledge _c2011 |
||
| 300 |
_axv, 206 p. _bIncludes bibliographical reference and index |
||
| 520 | _aIn the twenty-first century, more than ever, everything and everybody seems to be on the move. Global flows of people, goods, food, money, information, services and media images are forming an intensely mobile background to everyday life. Social scientists, too, are on the move, seeking new analytical purchase on these important aspects of the social world by trying to move with, and to be moved by, the fleeting, distributed, multiple, non-causal, sensory, emotional and kinaesthetic. | ||
| 700 |
_aBuscher, Monika _eEditor _91131912 |
||
| 700 |
_aUrry, John _eEditor _91131913 |
||
| 700 |
_aWitchger, Katian _eEditor _91131914 |
||
| 942 |
_2CC _n0 _cTB _hY:6 Q1 |
||
| 999 |
_c1715289 _d1715289 |
||